Hiện trạng phát triển sản xuất của nông thôn đồng bằng sông Hồng : Vấn đề đặt ra /
Na minha lista:
| Autor principal: | |
|---|---|
| Formato: | Artigo |
| Idioma: | Vietnamese |
| Assuntos: | |
| Tags: |
Adicionar Tag
Sem tags, seja o primeiro a adicionar uma tag!
|
| Thư viện lưu trữ: | Thư viện Trường Đại học Đà Lạt |
|---|
| LEADER | 00857nam a2200265 4500 | ||
|---|---|---|---|
| 001 | DLU140159362 | ||
| 005 | ##20140124 | ||
| 040 | # | # | |a DLU |b vie |
| 041 | # | # | |a vie |
| 044 | # | # | |a vn |
| 100 | # | # | |a Nguyễn Thị Thanh Tâm, |c ThS. |
| 245 | # | # | |a Hiện trạng phát triển sản xuất của nông thôn đồng bằng sông Hồng : |b Vấn đề đặt ra / |c Nguyễn Thị Thanh Tâm. |
| 653 | # | # | |a Đồng bằng sông Hồng |
| 653 | # | # | |a Kinh tế nông nghiệp |
| 653 | # | # | |a Sản xuất hàng hóa |
| 773 | # | # | |t Giáo dục lý luận |g Số 5, 2010, tr. 54-57 |
| 920 | # | # | |a Phòng Tạp chí -- Trung tâm Thông tin - Thư viện Trường Đại học Đà Lạt |
| 994 | # | # | |a DLU |
| 900 | # | # | |a True |
| 911 | # | # | |a Nguyễn Thị Linh Chi |
| 925 | # | # | |a G |
| 926 | # | # | |a A |
| 927 | # | # | |a BB |
| 980 | # | # | |a Thư viện Trường Đại học Đà Lạt |